| 000 | 00773nam a22002537a 4500 | ||
|---|---|---|---|
| 999 |
_c4345 _d4345 |
||
| 003 | AR-CdUCM | ||
| 008 | 190308b ||||| |||| 00| 0 spa d | ||
| 020 | _a84-8280-103-1 | ||
| 040 |
_aMUNICIPALIDAD PROVINCIAL DEL CUSCO _cBIBLIOTECA MUNICIPAL DEL CUSCO |
||
| 082 |
_a848.81 / _bF56 |
||
| 100 |
_aFlaubert, Gustave _913727 |
||
| 245 | _aMadame Bovary / | ||
| 260 |
_aColombia : _bOveja Negra, _c1983. |
||
| 300 |
_a402 paginas _c18cm. |
||
| 440 |
_aHistoria Universal de la Literatura _n3 _913728 |
||
| 500 | _aTraducción de: Madame Bovary. | ||
| 650 |
_aNovelas Francesas _9571 |
||
| 650 |
_aSiglo XIX _9971 |
||
| 650 |
_aNovelas de Costumbre _913729 |
||
| 650 |
_aFrancia _91444 |
||
| 700 |
_aMartin Gaite, Carmen _913730 |
||
| 942 |
_2ddc _cLIBROS |
||
| 945 | _apjha | ||